[Event "ENG-ch Senior Over 50"]
[Site "Kenilworth"]
[Date "2024.05.27"]
[Round "5.14"]
[White "Homer, Neil S"]
[Black "Donnelly, Andrew J"]
[Result "1-0"]
[WhiteElo "1691"]
[BlackElo "1782"]
[PlyCount "189"]
[EventDate "2024.05.24"]
[EventType "swiss"]
[EventRounds "7"]
[EventCountry "ENG"]

1. e4 d6 2. d4 Nf6 3. Nc3 g6 4. Be3 Bg7 5. Qd2 Nc6 6. Nf3 Bg4 7. h3 Bxf3 8.
gxf3 Nd7 9. f4 e5 10. fxe5 dxe5 11. d5 Nd4 12. O-O-O Qf6 13. Bxd4 exd4 14. Nb5
Qb6 15. Nxd4 O-O 16. Nb3 a5 17. Qe3 Qf6 18. c3 a4 19. Nd4 Nb6 20. Kb1 Rfe8 21.
Nc2 Nc8 22. Be2 Nd6 23. f3 b5 24. Nb4 Reb8 25. Rhe1 Nc4 26. Bxc4 bxc4 27. e5
Qf5+ 28. Qe4 Qxe4+ 29. Rxe4 a3 30. Rxc4 Bxe5 31. b3 Rb6 32. f4 Bd6 33. Re1 Kg7
34. Kc2 Kf6 35. Nd3 h6 36. Ne5 Kg7 37. Nd3 g5 38. fxg5 hxg5 39. Rg4 f6 40. h4
Kg6 41. hxg5 fxg5 42. Reg1 Be7 43. Ne5+ Kf5 44. Nc6 Bf6 45. Nd4+ Kg6 46. Ne6
Re8 47. R4g2 Rbxe6 48. dxe6 Rxe6 49. Rd1 Re3 50. c4 Be5 51. Rd8 Kf5 52. Rd5 Kf4
53. Kd2 Rf3 54. Rxe5 Kxe5 55. Rxg5+ Kd6 56. Rg2 Kc5 57. Kc2 c6 58. Rd2 Rf1 59.
Kc3 Rf3+ 60. Rd3 Rf2 61. b4+ Kb6 62. Kb3 c5 63. Rd6+ Kc7 64. bxc5 Rf3+ 65. Kb4
Re3 66. Ra6 Re1 67. Rxa3 Rb1+ 68. Rb3 Ra1 69. a4 Kc6 70. Rb2 Rc1 71. Ra2 Rb1+
72. Kc3 Kxc5 73. a5 Rc1+ 74. Kd3 Rd1+ 75. Kc2 Rh1 76. a6 Rh2+ 77. Kb3 Rh3+ 78.
Kb2 Rh2+ 79. Ka3 Kxc4 80. Rc2+ Rxc2 81. a7 Rc3+ 82. Ka2 Rc2+ 83. Kb1 Rf2 84.
a8=Q Rf1+ 85. Kc2 Rf2+ 86. Kd1 Rb2 87. Qe4+ Kb3 88. Kc1 Ra2 89. Qd3+ Ka4 90.
Qe4+ Kb3 91. Qd5+ Ka3 92. Qb7 Ka4 93. Kb1 Ra3 94. Kb2 Rg3 95. Qa8+ 1-0

[Event "ENG-ch Senior Over 50"]
[Site "Kenilworth"]
[Date "2024.05.27"]
[Round "6.1"]
[White "Dishman, Stephen"]
[Black "Wells, Peter K"]
[Result "1/2-1/2"]
[WhiteElo "2294"]
[BlackElo "2348"]
[PlyCount "81"]
[EventDate "2024.05.24"]
[EventType "swiss"]
[EventRounds "7"]
[EventCountry "ENG"]

1. Nf3 d5 2. c4 e6 3. g3 dxc4 4. Bg2 Nd7 5. Qa4 a6 6. Qxc4 b5 7. Qc2 Bb7 8. O-O
c5 9. a4 Ngf6 10. Nc3 Bc6 11. d3 Be7 12. e4 O-O 13. Rd1 Qb6 14. d4 b4 15. a5
Qa7 16. d5 Bb7 17. dxe6 fxe6 18. Ng5 bxc3 19. Nxe6 Rfc8 20. Qxc3 Nf8 21. Qc4
Kh8 22. Ng5 h6 23. Nf7+ Kh7 24. Nxh6 Bc6 25. e5 Bxg2 26. exf6 Bxf6 27. Qg8+ Kg6
28. Kxg2 Qe7 29. h4 Qe4+ 30. Kh3 Rc7 31. Rd5 Bxh4 32. Rd6+ Bf6 33. Bf4 Re7 34.
Ng4 Ne6 35. Ne5+ Qxe5 36. Bxe5 Rxg8 37. Bxf6 gxf6 38. Rxa6 Kf5 39. Rc6 Nf4+ 40.
Kh2 Nd3 41. Ra3 1/2-1/2

[Event "ENG-ch Senior Over 50"]
[Site "Kenilworth"]
[Date "2024.05.27"]
[Round "6.2"]
[White "Brett, Andrew R"]
[Black "Hebden, Mark L"]
[Result "1/2-1/2"]
[WhiteElo "2044"]
[BlackElo "2395"]
[PlyCount "112"]
[EventDate "2024.05.24"]
[EventType "swiss"]
[EventRounds "7"]
[EventCountry "ENG"]

1. d4 Nf6 2. c4 g6 3. Nc3 Bg7 4. e4 d6 5. Be2 O-O 6. Nf3 Nbd7 7. O-O e5 8. Re1
Re8 9. Bf1 h6 10. h3 exd4 11. Nxd4 Nc5 12. f3 c6 13. Be3 Nh7 14. Qd2 Qh4 15.
Bf2 Qe7 16. Rad1 Ng5 17. Nde2 Bf8 18. h4 Nh7 19. h5 Be6 20. b3 Rad8 21. hxg6
fxg6 22. Be3 Ng5 23. Ng3 Bg7 24. b4 Na6 25. a3 Nf7 26. Bxa7 c5 27. Nb5 Nc7 28.
Qf2 Nxb5 29. cxb5 Rc8 30. bxc5 dxc5 31. f4 Bb3 32. Rd2 Qc7 33. b6 Qc6 34. e5
Bd5 35. Bd3 Rf8 36. Qe2 c4 37. Be4 Bxe4 38. Nxe4 Qe6 39. Rc1 g5 40. Nd6 gxf4
41. Nxc8 Rxc8 42. Qe4 c3 43. Rd3 Nxe5 44. Rdxc3 Rxc3 45. Rxc3 Qd7 46. Rc1 f3
47. gxf3 Qh3 48. Qd5+ Kh8 49. Rc7 Nxf3+ 50. Kf2 Qh2+ 51. Ke3 Qg1+ 52. Ke4 Qe1+
53. Kf5 Nd4+ 54. Kg4 Qe2+ 55. Kh3 Qd3+ 56. Kg2 Qe2+ 1/2-1/2

[Event "ENG-ch Senior Over 50"]
[Site "Kenilworth"]
[Date "2024.05.27"]
[Round "6.3"]
[White "Davies, Nigel R"]
[Black "Byron, Alan M"]
[Result "1/2-1/2"]
[WhiteElo "2332"]
[BlackElo "2075"]
[PlyCount "49"]
[EventDate "2024.05.24"]
[EventType "swiss"]
[EventRounds "7"]
[EventCountry "ENG"]

1. d4 Nf6 2. Nf3 g6 3. Bg5 d5 4. e3 Bg7 5. Be2 Nbd7 6. O-O O-O 7. Nbd2 c5 8. c3
b6 9. a4 a6 10. b4 c4 11. h3 Bb7 12. Bf4 b5 13. Qb1 h6 14. Ne5 Ne4 15. Nxe4
dxe4 16. axb5 axb5 17. Rxa8 Bxa8 18. Nxd7 Qxd7 19. Qa2 Bd5 20. Ra1 Ra8 21. Qb2
Qd8 22. Ra3 Qc8 23. Qa2 Rxa3 24. Qxa3 Qa8 25. Qxa8+ 1/2-1/2

[Event "ENG-ch Senior Over 50"]
[Site "Kenilworth"]
[Date "2024.05.27"]
[Round "6.4"]
[White "Pitcher, John"]
[Black "Ledger, Andrew J"]
[Result "0-1"]
[WhiteElo "2182"]
[BlackElo "2335"]
[PlyCount "56"]
[EventDate "2024.05.24"]
[EventType "swiss"]
[EventRounds "7"]
[EventCountry "ENG"]

1. e4 c6 2. d4 d5 3. exd5 cxd5 4. Bd3 Nc6 5. c3 Nf6 6. Bf4 Bg4 7. Qb3 Qd7 8.
Nd2 e6 9. Ngf3 Bd6 10. Bxd6 Qxd6 11. O-O O-O 12. Rae1 Ne7 13. Ne5 Bf5 14. Qc2
Qc7 15. Re3 b5 16. Qd1 b4 17. Bxf5 Nxf5 18. Rh3 bxc3 19. bxc3 Nd6 20. Re1 Rab8
21. Rd3 Rfc8 22. Qc1 Qa5 23. Qc2 Nfe4 24. Nb3 Rxc3 25. Rxc3 Qxc3 26. Qe2 Nf5
27. Rd1 Qc7 28. f3 Nc3 0-1

[Event "ENG-ch Senior Over 50"]
[Site "Kenilworth"]
[Date "2024.05.27"]
[Round "6.5"]
[White "Bradbury, Neil H"]
[Black "James, Russell A"]
[Result "1-0"]
[WhiteElo "2182"]
[BlackElo "1987"]
[PlyCount "95"]
[EventDate "2024.05.24"]
[EventType "swiss"]
[EventRounds "7"]
[EventCountry "ENG"]

1. d4 Nf6 2. c4 g6 3. g3 Bg7 4. Bg2 d5 5. cxd5 Nxd5 6. Nf3 O-O 7. O-O Nb6 8.
Nc3 Nc6 9. e3 Re8 10. h3 e5 11. d5 Na5 12. e4 c6 13. dxc6 bxc6 14. Qc2 Qc7 15.
b3 Ba6 16. Rd1 Rac8 17. Bg5 h6 18. Be3 Nb7 19. h4 Nd8 20. Bh3 Ne6 21. Rac1 Qe7
22. h5 g5 23. Rd2 Rcd8 24. Rcd1 Bc8 25. Bf5 g4 26. Bxe6 Bxe6 27. Nh4 Bf6 28.
Rxd8 Rxd8 29. Nf5 Bxf5 30. exf5 Nd5 31. Ne4 Nb4 32. Rxd8+ Qxd8 33. Qd2 Nd5 34.
Bxh6 Qe7 35. Qc2 Qd7 36. Qd1 Qxf5 37. Qe2 Qxh5 38. Nxf6+ Nxf6 39. Be3 Ne4 40.
Qd3 Qf5 41. Qd8+ Kg7 42. Qc7 Qe6 43. Qxa7 Qd5 44. Qe7 Nf6 45. a4 Qd1+ 46. Kh2
Qxb3 47. Qxe5 Qe6 48. Bd4 1-0

[Event "ENG-ch Senior Over 50"]
[Site "Kenilworth"]
[Date "2024.05.27"]
[Round "6.6"]
[White "Willmoth, Robert F"]
[Black "Townsend, M Paul"]
[Result "1/2-1/2"]
[WhiteElo "2118"]
[BlackElo "2150"]
[PlyCount "62"]
[EventDate "2024.05.24"]
[EventType "swiss"]
[EventRounds "7"]
[EventCountry "ENG"]

1. Nf3 Nf6 2. e3 d5 3. c4 e6 4. b3 Be7 5. Bb2 O-O 6. Be2 c5 7. O-O Nc6 8. cxd5
Nxd5 9. d4 cxd4 10. Nxd4 Nxd4 11. Bxd4 b6 12. Bf3 Ba6 13. Be2 Bxe2 14. Qxe2 Rc8
15. a3 Bf6 16. Bxf6 Qxf6 17. Ra2 Nc3 18. Nxc3 Qxc3 19. b4 Rfd8 20. g3 g6 21. h4
h5 22. Rd1 Kg7 23. Rxd8 Rxd8 24. Qb2 Qxb2 25. Rxb2 Rd3 26. Ra2 a5 27. bxa5 bxa5
28. a4 Rb3 29. Kf1 Kf6 30. Ke2 Ke5 31. Rc2 Kd6 1/2-1/2

[Event "ENG-ch Senior Over 50"]
[Site "Kenilworth"]
[Date "2024.05.27"]
[Round "6.7"]
[White "Ciuravin, Andrei"]
[Black "Homer, Stephen J"]
[Result "0-1"]
[WhiteElo "2046"]
[BlackElo "1998"]
[PlyCount "45"]
[EventDate "2024.05.24"]
[EventType "swiss"]
[EventRounds "7"]
[EventCountry "ENG"]

1. d4 d5 2. c4 dxc4 3. Nf3 Nf6 4. e3 b5 5. a4 b4 6. Bxc4 e6 7. O-O Be7 8. Qe2
Bb7 9. Rd1 Nbd7 10. a5 a6 11. Nbd2 c5 12. Ne5 Qc7 13. Ndf3 Nxe5 14. Nxe5 O-O
15. Nf3 Bxf3 16. Qxf3 cxd4 17. Qe2 Ng4 18. g3 Ne5 19. Bxa6 Qc6 20. Bb5 d3 21.
Bxc6 dxe2 22. Re1 Nxc6 23. a6 0-1

[Event "ENG-ch Senior Over 50"]
[Site "Kenilworth"]
[Date "2024.05.27"]
[Round "6.8"]
[White "Gardiner, Eric D"]
[Black "Burrows, Martin P"]
[Result "1/2-1/2"]
[WhiteElo "1915"]
[BlackElo "2008"]
[PlyCount "57"]
[EventDate "2024.05.24"]
[EventType "swiss"]
[EventRounds "7"]
[EventCountry "ENG"]

1. e4 c5 2. c3 d5 3. exd5 Qxd5 4. d4 e6 5. Nf3 Nf6 6. Na3 Qd8 7. Nc4 Be7 8. Bd3
O-O 9. dxc5 Bxc5 10. Qe2 Nbd7 11. O-O Qc7 12. Bg5 b6 13. Rad1 Bb7 14. Nfe5 b5
15. Nxd7 Nxd7 16. Ne3 a6 17. Bxh7+ Kxh7 18. Qd3+ Kg8 19. Qxd7 Qxd7 20. Rxd7 Bc6
21. Rc7 Rac8 22. Rxc8 Rxc8 23. Nc2 Bd5 24. Be3 Be7 25. a3 Be4 26. Rc1 Rd8 27.
f3 Bd5 28. Kf2 f6 29. Rd1 1/2-1/2

[Event "ENG-ch Senior Over 50"]
[Site "Kenilworth"]
[Date "2024.05.27"]
[Round "6.9"]
[White "Alldritt, Nigel RE"]
[Black "Henderson, David"]
[Result "1/2-1/2"]
[WhiteElo "1983"]
[BlackElo "2082"]
[PlyCount "43"]
[EventDate "2024.05.24"]
[EventType "swiss"]
[EventRounds "7"]
[EventCountry "ENG"]

1. d4 d5 2. c4 e6 3. Nf3 Nf6 4. g3 Be7 5. Bg2 O-O 6. O-O dxc4 7. Qc2 a6 8. Qxc4
b5 9. Qc2 Ra7 10. a4 b4 11. e4 Nbd7 12. Bf4 Bb7 13. Nbd2 Qa8 14. Ne5 c5 15.
Nxd7 Nxd7 16. Be3 Rc8 17. Nc4 a5 18. b3 Ra6 19. Rad1 Nf6 20. f3 h6 21. dxc5
Bxc5 22. Qf2 1/2-1/2

[Event "ENG-ch Senior Over 50"]
[Site "Kenilworth"]
[Date "2024.05.27"]
[Round "6.10"]
[White "Crocker, Philip J"]
[Black "Matthews, Adrian MS"]
[Result "1-0"]
[WhiteElo "2103"]
[BlackElo "1847"]
[PlyCount "67"]
[EventDate "2024.05.24"]
[EventType "swiss"]
[EventRounds "7"]
[EventCountry "ENG"]

1. c4 Nf6 2. g3 c5 3. Bg2 Nc6 4. Nf3 g6 5. Nc3 Bg7 6. d4 cxd4 7. Nxd4 O-O 8.
O-O Nxd4 9. Qxd4 d6 10. Qd3 a5 11. Bg5 h6 12. Bd2 Nd7 13. b3 Nc5 14. Qe3 Re8
15. Rac1 Rb8 16. Rfd1 Bd7 17. h4 Bc6 18. Ne4 Bxe4 19. Bxe4 Nxe4 20. Qxe4 b6 21.
Bc3 Qc7 22. h5 Bxc3 23. Rxc3 g5 24. Rf3 Qc8 25. Rxf7 Kxf7 26. Qg6+ Kf8 27.
Qxh6+ Kg8 28. Qg6+ Kh8 29. Qh6+ Kg8 30. Qxg5+ Kh8 31. Qh6+ Kg8 32. Rd5 e5 33.
Rxd6 Qf5 34. Rg6+ 1-0

[Event "ENG-ch Senior Over 50"]
[Site "Kenilworth"]
[Date "2024.05.27"]
[Round "6.11"]
[White "Walley, A Clive"]
[Black "Regan, Natasha K"]
[Result "0-1"]
[WhiteElo "1885"]
[BlackElo "2007"]
[PlyCount "75"]
[EventDate "2024.05.24"]
[EventType "swiss"]
[EventRounds "7"]
[EventCountry "ENG"]

1. e4 e5 2. Nf3 Nc6 3. Bb5 a6 4. Ba4 Nf6 5. O-O d6 6. Re1 Bd7 7. c3 g6 8. d3
Bg7 9. Nbd2 O-O 10. Nf1 Qe8 11. Bb3 Kh8 12. Ng3 Ng8 13. d4 Bg4 14. d5 Nce7 15.
h3 Bxf3 16. Qxf3 f5 17. exf5 gxf5 18. Qh5 Rf7 19. f4 exf4 20. Bxf4 Qf8 21. Re6
Nf6 22. Qf3 Ng6 23. Bg5 Ne5 24. Qe2 Nfd7 25. Nh5 f4 26. Bc2 f3 27. Qe4 Qg8 28.
Rf1 Raf8 29. g4 Nc5 30. Qe3 f2+ 31. Kg2 Rf3 32. Qd2 Nxe6 33. dxe6 Qxe6 34. Nxg7
Kxg7 35. Bf5 R8xf5 36. gxf5 Qxf5 37. Bh6+ Kg6 38. Rh1 0-1

[Event "ENG-ch Senior Over 50"]
[Site "Kenilworth"]
[Date "2024.05.27"]
[Round "6.12"]
[White "Paterson, Andrew I"]
[Black "Hymer, Barry J"]
[Result "1/2-1/2"]
[WhiteElo "2034"]
[BlackElo "1943"]
[PlyCount "130"]
[EventDate "2024.05.24"]
[EventType "swiss"]
[EventRounds "7"]
[EventCountry "ENG"]

1. c4 a6 2. g3 e5 3. Bg2 Bc5 4. Nc3 Nc6 5. Nf3 d6 6. d3 Ba7 7. Nd5 Nge7 8. O-O
O-O 9. a3 Nxd5 10. cxd5 Ne7 11. Qb3 c6 12. dxc6 bxc6 13. Be3 Rb8 14. Qc2 Bxe3
15. fxe3 Qb6 16. d4 Bf5 17. Qa4 Qxb2 18. Qxa6 Ra8 19. Qc4 Nd5 20. Qc1 Rfb8 21.
dxe5 dxe5 22. Qxb2 Rxb2 23. Nxe5 Nxe3 24. Bxc6 Ra5 25. Rxf5 Nxf5 26. Nc4 Rc5
27. Nxb2 Rxc6 28. Nd3 f6 29. a4 Nd4 30. Ra2 Ra6 31. Kf2 Kf7 32. Ke3 Nc6 33. Kd2
Ke7 34. Kc3 Kd6 35. Kc4 Ra5 36. Kb3 Nd4+ 37. Ka3 Kd5 38. Rb2 Ra7 39. e3 Nc6 40.
Rc2 Re7 41. Nf4+ Kd6 42. Rc3 g5 43. Ne2 h5 44. Rd3+ Kc5 45. Rc3+ Kd5 46. Kb2 f5
47. Kc2 Ra7 48. Ra3 Ne5 49. Nc3+ Kc5 50. Nb5 Rd7 51. Nd4 f4 52. gxf4 gxf4 53.
Ne6+ Kb4 54. Rb3+ Kc4 55. exf4 Nc6 56. Rc3+ Kd5 57. f5 Ra7 58. Ra3 Ke5 59. Rc3
Nb4+ 60. Kb3 Rb7 61. Rc5+ Nd5+ 62. Rb5 Rxb5+ 63. axb5 Kxf5 64. Nc5 Nb6 65. Kc3
Ke5 1/2-1/2

[Event "ENG-ch Senior Over 50"]
[Site "Kenilworth"]
[Date "2024.05.27"]
[Round "6.13"]
[White "Faulkner, Martin J"]
[Black "Tuke, David"]
[Result "1-0"]
[WhiteElo "1825"]
[BlackElo "1600"]
[PlyCount "91"]
[EventDate "2024.05.24"]
[EventType "swiss"]
[EventRounds "7"]
[EventCountry "ENG"]

1. c4 e6 2. g3 d5 3. Bg2 Nf6 4. Nf3 Be7 5. O-O O-O 6. b3 c5 7. Bb2 Nc6 8. e3
Rb8 9. Qe2 Qc7 10. Nc3 a6 11. d4 cxd4 12. exd4 dxc4 13. bxc4 Na5 14. Nd2 b6 15.
Rfe1 Bb7 16. d5 exd5 17. Qxe7 Qxe7 18. Rxe7 dxc4 19. Bxb7 Rxb7 20. Rxb7 Nxb7
21. Nxc4 b5 22. Ne3 Rd8 23. Rd1 Rxd1+ 24. Ncxd1 Nd7 25. Kf1 Ndc5 26. Ke2 g6 27.
Nd5 a5 28. a3 h5 29. Ne7+ Kf8 30. Nc6 Na4 31. Bd4 b4 32. axb4 axb4 33. Nxb4
Nac5 34. Nc3 Ne6 35. Bf6 Nbc5 36. Ncd5 Ne4 37. Be5 Ke8 38. Nf6+ Nxf6 39. Bxf6
Kd7 40. Ke3 Nc5 41. Nd3 Nb7 42. Bd4 Nd6 43. Kf4 Nf5 44. Bb2 Nd6 45. f3 Nc4 46.
Ne5+ 1-0

[Event "ENG-ch Senior Over 50"]
[Site "Kenilworth"]
[Date "2024.05.27"]
[Round "6.14"]
[White "Drugan, Mark A"]
[Black "Homer, Neil S"]
[Result "1/2-1/2"]
[WhiteElo "1779"]
[BlackElo "1691"]
[PlyCount "48"]
[EventDate "2024.05.24"]
[EventType "swiss"]
[EventRounds "7"]
[EventCountry "ENG"]

1. e4 c6 2. d4 d5 3. f3 dxe4 4. fxe4 e5 5. Nf3 Bg4 6. Bc4 Nd7 7. O-O Ngf6 8.
Nc3 Bd6 9. Be3 O-O 10. Qe1 Bxf3 11. Rxf3 exd4 12. Bxd4 Ne5 13. Bxe5 Bxe5 14.
Kh1 Qc7 15. Qh4 Rad8 16. Rd3 b5 17. Rxd8 Rxd8 18. Bd3 Bxc3 19. bxc3 Qe5 20. Re1
Re8 21. c4 b4 22. h3 c5 23. Qf2 a5 24. Qe3 Nh5 1/2-1/2

[Event "ENG-ch Senior Over 50"]
[Site "Kenilworth"]
[Date "2024.05.28"]
[Round "7.1"]
[White "Wells, Peter K"]
[Black "Brett, Andrew R"]
[Result "1-0"]
[WhiteElo "2348"]
[BlackElo "2044"]
[PlyCount "87"]
[EventDate "2024.05.24"]
[EventType "swiss"]
[EventRounds "7"]
[EventCountry "ENG"]

1. e4 e5 2. Nf3 Nc6 3. Bb5 a6 4. Ba4 Nf6 5. O-O Be7 6. Re1 b5 7. Bb3 d6 8. c3
O-O 9. h3 Bb7 10. d4 Re8 11. Ng5 Rf8 12. Nf3 Nd7 13. Nbd2 Bf6 14. Nf1 Na5 15.
Bc2 Nc4 16. b3 Ncb6 17. Ne3 exd4 18. cxd4 g6 19. Ng4 Bg7 20. Bh6 Bxh6 21. Nxh6+
Kg7 22. Qd2 c5 23. Ng4 Qe7 24. dxc5 dxc5 25. Rad1 Rad8 26. Qc3+ f6 27. e5 f5
28. e6+ Nf6 29. Nxf6 Rxf6 30. Rxd8 Qxd8 31. e7 Qe8 32. Ng5 Nd5 33. Ne6+ Kf7 34.
Nd8+ Kg7 35. Qxc5 Ba8 36. Qc8 Bc6 37. Qb8 Bd7 38. Qe5 Nb6 39. Nb7 Nc8 40. Nc5
Nb6 41. Qd4 Kf7 42. Nxd7 Nxd7 43. Qd5+ Kg7 44. Qxd7 1-0

[Event "ENG-ch Senior Over 50"]
[Site "Kenilworth"]
[Date "2024.05.28"]
[Round "7.2"]
[White "Hebden, Mark L"]
[Black "Bradbury, Neil H"]
[Result "1-0"]
[WhiteElo "2395"]
[BlackElo "2182"]
[PlyCount "81"]
[EventDate "2024.05.24"]
[EventType "swiss"]
[EventRounds "7"]
[EventCountry "ENG"]

1. d4 Nf6 2. Bg5 e6 3. e4 h6 4. Bxf6 Qxf6 5. c3 c5 6. Nf3 Nc6 7. d5 Ne5 8. Be2
Nxf3+ 9. Bxf3 g6 10. O-O Bg7 11. Na3 O-O 12. Re1 e5 13. Nc4 d6 14. Bg4 h5 15.
Bxc8 Raxc8 16. a4 Bh6 17. g3 h4 18. Qg4 Rcd8 19. Re2 hxg3 20. hxg3 Qg7 21. f3
f5 22. Qh3 Rf6 23. Rf1 Rdf8 24. Rff2 Kh7 25. Rh2 Rh8 26. f4 Kg8 27. exf5 gxf5
28. Qh5 Kf8 29. Kh1 e4 30. Reg2 Rg8 31. Ne3 Qf7 32. Qxf7+ Kxf7 33. Rh5 Kg6 34.
Rgh2 Rh8 35. Kg2 Rff8 36. Kf1 a6 37. a5 Rf6 38. Rg5+ Bxg5 39. Rxh8 Bh6 40. Rd8
Bf8 41. Rd7 1-0

[Event "ENG-ch Senior Over 50"]
[Site "Kenilworth"]
[Date "2024.05.28"]
[Round "7.3"]
[White "Homer, Stephen J"]
[Black "Dishman, Stephen"]
[Result "0-1"]
[WhiteElo "1998"]
[BlackElo "2294"]
[PlyCount "102"]
[EventDate "2024.05.24"]
[EventType "swiss"]
[EventRounds "7"]
[EventCountry "ENG"]

1. e4 c5 2. Nf3 g6 3. c3 d5 4. exd5 Qxd5 5. Na3 Bg7 6. Bc4 Qe4+ 7. Be2 Nh6 8.
d4 cxd4 9. Nb5 Na6 10. Nbxd4 O-O 11. O-O e5 12. Ng5 Qd5 13. Nb5 Qc6 14. Qd6 Nf5
15. Qxc6 bxc6 16. Na3 Nc5 17. g4 Ne7 18. Be3 Ne6 19. Bf3 Nd5 20. Nxe6 Bxe6 21.
Bc5 Rfd8 22. Rfd1 Rab8 23. Bxa7 Ra8 24. Bc5 f5 25. gxf5 gxf5 26. Be2 Nf4 27.
Rxd8+ Rxd8 28. Bc4 Kf7 29. Bxe6+ Kxe6 30. Kf1 e4 31. Be3 Nd3 32. Nc4 f4 33. Bd4
Bxd4 34. cxd4 Rxd4 35. b3 f3 36. Ne3 Rb4 37. Rd1 Rb5 38. Nc2 Ke5 39. Rb1 Kf4
40. a4 Rh5 41. Kg1 Rg5+ 42. Kf1 Rg2 43. Ne1 Rxf2+ 44. Kg1 Ra2 45. Nxd3+ exd3
46. h4 Ke3 47. Kf1 Rf2+ 48. Kg1 d2 49. a5 Re2 50. Kf1 f2 51. Kg2 Re1 0-1

[Event "ENG-ch Senior Over 50"]
[Site "Kenilworth"]
[Date "2024.05.28"]
[Round "7.5"]
[White "Townsend, M Paul"]
[Black "Pitcher, John"]
[Result "1/2-1/2"]
[WhiteElo "2150"]
[BlackElo "2182"]
[PlyCount "39"]
[EventDate "2024.05.24"]
[EventType "swiss"]
[EventRounds "7"]
[EventCountry "ENG"]

1. d4 d5 2. c4 c6 3. cxd5 cxd5 4. Bf4 Nc6 5. e3 Nf6 6. Nc3 a6 7. Rc1 Bf5 8. Nf3
Rc8 9. Be2 e6 10. O-O Bd6 11. Bxd6 Qxd6 12. Na4 Nd7 13. Nc5 Nxc5 14. Rxc5 O-O
15. Qb3 Rc7 16. Rfc1 Bg4 17. Qb6 Bxf3 18. Bxf3 Rd7 19. Bd1 Nb8 20. Qxd6 1/2-1/2

[Event "ENG-ch Senior Over 50"]
[Site "Kenilworth"]
[Date "2024.05.28"]
[Round "7.6"]
[White "Burrows, Martin P"]
[Black "Crocker, Philip J"]
[Result "0-1"]
[WhiteElo "2008"]
[BlackElo "2103"]
[PlyCount "130"]
[EventDate "2024.05.24"]
[EventType "swiss"]
[EventRounds "7"]
[EventCountry "ENG"]

1. e4 e5 2. Nf3 Nc6 3. Bb5 a6 4. Ba4 Nf6 5. O-O Be7 6. Re1 b5 7. Bb3 O-O 8. h3
Bb7 9. d3 d5 10. exd5 Nxd5 11. a4 Ndb4 12. axb5 axb5 13. Rxa8 Bxa8 14. Nxe5 Nd4
15. c3 Nxb3 16. Qxb3 Nxd3 17. Nxd3 Qxd3 18. Rxe7 Qg6 19. g4 Qc6 20. Kf1 Qh1+
21. Ke2 Bf3+ 22. Ke3 Bd1 23. Qb4 Qe1+ 24. Kf4 Qxf2+ 25. Ke5 Qf6+ 26. Ke4 Bc2+
27. Ke3 Bxb1 28. Ke2 Rd8 29. Be3 Bd3+ 30. Kd2 Bf1+ 31. Bd4 Qf4+ 32. Ke1 h6 33.
Qa5 Bxh3 34. Qxb5 Bxg4 35. Re8+ Rxe8+ 36. Qxe8+ Kh7 37. b4 Be6 38. Qf8 Qg3+ 39.
Kd2 h5 40. Qc5 h4 41. Be5 Qg2+ 42. Kd3 Qf3+ 43. Kd2 c6 44. Qe7 Qg2+ 45. Ke3 Qg4
46. Qc7 Bd5 47. Qd6 Qe4+ 48. Kd2 Bc4 49. Qe7 h3 50. Qg5 Qg2+ 51. Qxg2 hxg2 52.
Bd4 Kg6 53. Ke1 f6 54. Kf2 Bf1 55. Bc5 Kf5 56. Bf8 g5 57. Be7 Kg6 58. Bd6 Kh5
59. Be7 f5 60. Bd6 Kg4 61. Be7 f4 62. c4 Bxc4 63. Kxg2 Kf5 64. Kf2 g4 65. Bc5
g3+ 0-1

[Event "ENG-ch Senior Over 50"]
[Site "Kenilworth"]
[Date "2024.05.28"]
[Round "7.7"]
[White "Regan, Natasha K"]
[Black "Mason, Donald J"]
[Result "1/2-1/2"]
[WhiteElo "2007"]
[BlackElo "1984"]
[PlyCount "21"]
[EventDate "2024.05.24"]
[EventType "swiss"]
[EventRounds "7"]
[EventCountry "ENG"]

1. Nf3 Nf6 2. c4 g6 3. b4 Bg7 4. Bb2 O-O 5. g3 d5 6. cxd5 Nxd5 7. Bxg7 Kxg7 8.
Qb3 Nc6 9. b5 Na5 10. Qb2+ Kg8 11. d3 1/2-1/2

[Event "ENG-ch Senior Over 50"]
[Site "Kenilworth"]
[Date "2024.05.28"]
[Round "7.8"]
[White "James, Russell A"]
[Black "Alldritt, Nigel RE"]
[Result "1-0"]
[WhiteElo "1987"]
[BlackElo "1983"]
[PlyCount "73"]
[EventDate "2024.05.24"]
[EventType "swiss"]
[EventRounds "7"]
[EventCountry "ENG"]

1. e4 e6 2. d4 d5 3. exd5 exd5 4. Nf3 Bg4 5. h3 Bh5 6. Qe2+ Qe7 7. Be3 Nc6 8.
Nc3 O-O-O 9. g4 Bg6 10. O-O-O f6 11. Bg2 Qd7 12. Ne1 Bf7 13. Nd3 b6 14. Nf4
Nge7 15. h4 g6 16. h5 g5 17. Nd3 h6 18. Kb1 Bg7 19. f4 Rhe8 20. Qf2 Be6 21. f5
Bg8 22. Na4 Nb4 23. Nxb6+ axb6 24. Nxb4 c6 25. Bf1 Kc7 26. Rd3 Ra8 27. Rc3 Rec8
28. Ba6 Rxa6 29. Nxa6+ Kb7 30. Nb4 Qd6 31. Nd3 Bf7 32. Rb3 Kc7 33. Bd2 Rb8 34.
Bb4 Qd7 35. Qg3+ Kc8 36. Bc5 b5 37. Ra3 1-0

[Event "ENG-ch Senior Over 50"]
[Site "Kenilworth"]
[Date "2024.05.28"]
[Round "7.9"]
[White "Paterson, Andrew I"]
[Black "Gardiner, Eric D"]
[Result "1-0"]
[WhiteElo "2034"]
[BlackElo "1915"]
[PlyCount "95"]
[EventDate "2024.05.24"]
[EventType "swiss"]
[EventRounds "7"]
[EventCountry "ENG"]

1. e4 c6 2. d4 d5 3. exd5 cxd5 4. Bd3 Nc6 5. c3 Nf6 6. Bf4 Bg4 7. Qb3 Qd7 8.
Nd2 e6 9. Ngf3 Bd6 10. Ne5 Qc7 11. O-O Bh5 12. Rfe1 Nd7 13. Nf1 Bxe5 14. Bxe5
Ncxe5 15. dxe5 O-O 16. Qc2 Bg6 17. Bxg6 hxg6 18. Qe2 Rfd8 19. Rad1 Qc4 20. Qxc4
dxc4 21. Rd4 Nc5 22. Rxc4 Nd3 23. Re3 Nxb2 24. Rc7 Rd3 25. Rxb7 Rxe3 26. Nxe3
Nd3 27. Rb5 a6 28. Ra5 Rb8 29. g3 Rb1+ 30. Kg2 Rb2 31. Ng4 Rc2 32. Rxa6 Rxc3
33. f4 g5 34. fxg5 Kh7 35. h4 Kg6 36. Ra5 Kf5 37. Ra4 Rc5 38. Kf3 Nxe5+ 39.
Nxe5 Rc3+ 40. Kf2 Kxe5 41. Ra7 Rc2+ 42. Kf3 Rc3+ 43. Kg2 Rc2+ 44. Kh3 Rf2 45.
h5 Ke4 46. h6 gxh6 47. gxh6 Rf6 48. Ra4+ 1-0

[Event "ENG-ch Senior Over 50"]
[Site "Kenilworth"]
[Date "2024.05.28"]
[Round "7.10"]
[White "Henderson, David"]
[Black "Faulkner, Martin J"]
[Result "1-0"]
[WhiteElo "2082"]
[BlackElo "1825"]
[PlyCount "119"]
[EventDate "2024.05.24"]
[EventType "swiss"]
[EventRounds "7"]
[EventCountry "ENG"]

1. e4 e5 2. Nf3 Nf6 3. d4 Nxe4 4. dxe5 d5 5. Nbd2 Be7 6. c3 O-O 7. Bd3 Nxd2 8.
Bxd2 c5 9. O-O Nc6 10. h3 Be6 11. Qe2 Qc7 12. Bf4 Rad8 13. Rfe1 c4 14. Bc2 d4
15. cxd4 Nxd4 16. Nxd4 Rxd4 17. Be3 Rd7 18. f4 Bd5 19. Qg4 Bc5 20. f5 g6 21.
Kh1 Bxe3 22. Rxe3 Kh8 23. Rf1 Rdd8 24. Qg5 Qc6 25. Rf4 f6 26. Qg3 g5 27. Rf2
fxe5 28. Rxe5 Rde8 29. Rxe8 Qxe8 30. Qd6 Bc6 31. Qd4+ Kg8 32. Qxc4+ Kg7 33. Re2
Qf7 34. Qd4+ Qf6 35. Re7+ Rf7 36. Qxf6+ Kxf6 37. Rxf7+ Kxf7 38. Kh2 h5 39. g4
hxg4 40. hxg4 Kf6 41. Kg3 Ke5 42. Kf2 Kf4 43. f6 Be8 44. Bb3 Kxg4 45. f7 Bxf7
46. Bxf7 Kf4 47. Bd5 b6 48. Ke2 Ke5 49. Bb7 Kd4 50. Bc8 Kc4 51. Ke3 a5 52. Be6+
Kb4 53. Kd4 Kb5 54. Bg4 Kb4 55. Be2 Ka4 56. Kc3 b5 57. a3 b4+ 58. axb4 axb4+
59. Kc4 Ka5 60. b3 1-0